000
00321 a2200145 4500
001
146992
040
_c
Escola São Tomás de Aquino
100
_a
BANDEIRA, Pedro
240
1
0
_a
O pequeno dragão
_l
por
245
1
0
_a
O pequeno dragão
300
_a
48
362
0
_a
2009
697
_a
*LITERATURA INFANTO
942
_c
BK
999
_c
146992
_d
146992